000 00318nam a2200169Ia 4500
100 _aGray/Dave
650 _aGame storming
942 _cBK
366 _f20
654 _agame storming
245 _aGame storming
260 _bSPD
_c2010
082 _bGRA
300 _a266
546 _aENGLISH
999 _c19581
_d19581